000 00560nam a2200193Ia 4500
005 20250508164906.0
008 008 250505s9999 xx 000 0 hin d
037 _aDissertations
040 _aFEDL
_beng
_cFEDL
041 _ahin
_2eng
084 _a370, CHA/DI
_qFEDL
100 _aChandrapal
245 0 _aBal adhikar aur shiksha : School se bahar va kaam karne vale bancho ka addhyan
260 _c2002
300 _a83p.
546 _aM.Ed. Dissertation (Delhi University)
942 _cDIS
_h370, CHA/DI
999 _c1391835
_d1391835